书目信息 |
| 题名: |
四元数摄影测量定位理论与方法
|
|
| 作者: | 江刚武 , 姜挺 , 龚辉 著 | |
| 分册: | ||
| 出版信息: | 北京 科学出版社 2016.08 |
|
| 页数: | 210页 | |
| 开本: | 26cm | |
| 丛书名: | 地球信息科学基础丛书 | |
| 单 册: | ||
| 中图分类: | P23 | |
| 科图分类: | ||
| 主题词: | 四元数--si yuan shu--应用--摄影测量--摄影定位--研究 | |
| 电子资源: | ||
| ISBN: | 978-7-03-049257-9 | |
| 000 | 01144nam 2200289 450 | |
| 001 | 96339 | |
| 005 | 20250912155734.04 | |
| 010 | @a978-7-03-049257-9@dCNY98.00 | |
| 100 | @a20160913d2016 em y0chiy50 ea | |
| 101 | 0 | @achi |
| 102 | @aCN@b110000 | |
| 105 | @aa a 000yy | |
| 106 | @ar | |
| 200 | 1 | @a四元数摄影测量定位理论与方法@Asi yuan shu she ying ce liang ding wei li lun yu fang fa@f江刚武, 姜挺, 龚辉著 |
| 210 | @a北京@c科学出版社@d2016.08 | |
| 215 | @a210页@c图@d26cm | |
| 225 | 2 | @a地球信息科学基础丛书@Adi qiu xin xi ke xue ji chu cong shu |
| 320 | @a有书目 (第203-206页) | |
| 330 | @a本书主要介绍四元数基本理论及其在摄影测量定位中的应用技术与方法。内容包括与平移和旋转密切相关的若干数学预备知识、四元数代数基本理论、基于四元数的经典摄影测量定位理论体系、空间后方交会抗差估计理论和方法、四元数外方位元素建模等。 | |
| 410 | 0 | @12001 @a地球信息科学基础丛书 |
| 606 | 0 | @a四元数@Asi yuan shu@x应用@x摄影测量@x摄影定位@x研究 |
| 690 | @aP23@v5 | |
| 701 | 0 | @a江刚武@Ajiang gang wu@4著 |
| 701 | 0 | @a姜挺@Ajiang ting@4著 |
| 701 | 0 | @a龚辉@Agong hui@4著 |
| 801 | 0 | @aCN@c20250909 |
| 905 | @a河南城建学院图书馆@dP23@eJ350 | |
| 四元数摄影测量定位理论与方法/江刚武, 姜挺, 龚辉著.-北京:科学出版社,2016.08 |
| 210页:图;26cm.-(地球信息科学基础丛书) |
| ISBN 978-7-03-049257-9:CNY98.00 |
| 本书主要介绍四元数基本理论及其在摄影测量定位中的应用技术与方法。内容包括与平移和旋转密切相关的若干数学预备知识、四元数代数基本理论、基于四元数的经典摄影测量定位理论体系、空间后方交会抗差估计理论和方法、四元数外方位元素建模等。 |
| ● |
| 相关链接 |
|
|
|
正题名:四元数摄影测量定位理论与方法
索取号:P23/J350
 
预约/预借
| 序号 | 登录号 | 条形码 | 馆藏地/架位号 | 状态 | 备注 |
| 1 | 1630834 | 216308341 | 自科库401/401自科库 123排1列6层/ [索取号:P23/J350] | 在馆 |